Mathematical and experimental modelling of inhomogenneous lyophilization
Gespeichert in:
| 1. Verfasser: | |
|---|---|
| Weitere Verfasser: | |
| Format: | Manuskript Buch |
| Sprache: | Slowakisch Englisch |
| Veröffentlicht: |
2021
|
| Schlagworte: | |
| Online-Zugang: | http://is.stuba.sk/zp/portal_zp.pl?podrobnosti=150812 |
| Tags: |
Keine Tags, Fügen Sie das erste Tag hinzu!
|
MARC
| LEADER | 00000ntm a22000003a 4500 | ||
|---|---|---|---|
| 001 | stuzp78536 | ||
| 003 | SK-STU | ||
| 005 | 20210605210238.6 | ||
| 007 | ta | ||
| 008 | 150427s2015----xo-----f-mn---000-0-slo-d | ||
| 040 | |a STU |b slo | ||
| 041 | 0 | |a eng | |
| 100 | 1 | |a Štefaňák, Ján |u 046230 |4 aut |U FCHPT Ústav chemického a environmentálneho inžinierstva |T FCHPT Oddelenie chemického a biochemického inžinierstva |X 82090 |U C6230 |Y 119 |7 82090 | |
| 242 | 0 | 1 | |a Matematické a experimentálne modelovanie nehomogénnej lyofilizácie |y slo |
| 245 | 1 | 0 | |a Mathematical and experimental modelling of inhomogenneous lyophilization |
| 260 | |c 2021 | ||
| 650 | 4 | |a lyofilizácia |2 slo | |
| 650 | 4 | |a Ansys Fluent |2 slo | |
| 650 | 4 | |a CFD |2 slo | |
| 650 | 4 | |a lyophilization |2 eng | |
| 650 | 4 | |a Ansys Fluent |2 eng | |
| 650 | 4 | |a CFD |2 eng | |
| 700 | 1 | |a Rajniak, Pavol |u 046230 |k Z1 |4 ths |U FCHPT Ústav chemického a environmentálneho inžinierstva |T FCHPT Oddelenie chemického a biochemického inžinierstva |X 99157 |U C6230 |Y 119 |7 99157 | |
| 856 | 4 | |u http://is.stuba.sk/zp/portal_zp.pl?podrobnosti=150812 | |